R.E.M. Albums Tile Select - Statistics

General Stats
  • This quiz has been taken 31 times
  • The average score is 37 of 45
Answer Stats
Question Tile Select % Correct
the following songs that are on Out of Time (1991). Losing My Religion Yes
100%
the following songs that are on Document (1987). Can't Get There from Here No
96%
the following songs that are on Automatic for the People (1992). Drive Yes
96%
the following songs that are on Green (1988). Exhuming McCarthy No
96%
the following songs that are on Out of Time (1991). The Wrong Child No
96%
the following songs that are on Document (1987). Fall on Me No
93%
the following songs that are on Out of Time (1991). Get Up No
93%
the following songs that are on Automatic for the People (1992). Half a World Away No
93%
the following songs that are on Green (1988). Near Wild Heaven No
93%
the following songs that are on Green (1988). Orange Crush Yes
93%
the following songs that are on Out of Time (1991). Shiny Happy People Yes
93%
the following songs that are on Automatic for the People (1992). Tongue No
93%
the following songs that are on Monster (1994). E-Bow the Letter No
89%
the following songs that are on Out of Time (1991). Ignoreland No
89%
the following songs that are on Monster (1994). Nightswimming No
89%
the following songs that are on Green (1988). Pop Song 89 Yes
89%
the following songs that are on Out of Time (1991). Texarkana Yes
89%
the following songs that are on Monster (1994). The Sidewinder Sleeps Tonite No
89%
the following songs that are on Monster (1994). Bang and Blame Yes
85%
the following songs that are on Monster (1994). Everybody Hurts No
85%
the following songs that are on Green (1988). King of Birds No
85%
the following songs that are on Out of Time (1991). Man on the Moon No
85%
the following songs that are on Green (1988). Radio Song No
85%
the following songs that are on Green (1988). Stand Yes
85%
the following songs that are on Automatic for the People (1992). Strange Currencies No
85%
the following songs that are on Document (1987). The One I Love Yes
85%
the following songs that are on Monster (1994). What's the Frequency, Kenneth? Yes
85%
the following songs that are on Automatic for the People (1992). Find the River Yes
81%
the following songs that are on Document (1987). Radio Free Europe No
81%
the following songs that are on Document (1987). So. Central Rain (I'm Sorry) No
81%
the following songs that are on Automatic for the People (1992). Try Not to Breathe Yes
81%
the following songs that are on Monster (1994). Crush with Eyeliner Yes
78%
the following songs that are on Automatic for the People (1992). Monty Got a Raw Deal Yes
78%
the following songs that are on Automatic for the People (1992). Star 69 No
78%
the following songs that are on Document (1987). Welcome to the Occupation Yes
78%
the following songs that are on Document (1987). It's the End of the World as We Know It (And I Feel Fine) Yes
74%
the following songs that are on Green (1988). World Leader Pretend Yes
74%
the following songs that are on Out of Time (1991). Country Feedback Yes
70%
the following songs that are on Document (1987). Finest Worksong Yes
70%
the following songs that are on Document (1987). Oddfellows Local 151 Yes
70%
the following songs that are on Automatic for the People (1992). Sweetness Follows Yes
70%
the following songs that are on Monster (1994). Bittersweet Me No
67%
the following songs that are on Green (1988). Turn You Inside-Out Yes
67%
the following songs that are on Monster (1994). Let Me In Yes
56%
the following songs that are on Out of Time (1991). Endgame Yes
52%
No matching quizzes found
Score Distribution
Percent of People with Each Score
Percentile by Number Answered
Your Score History
You have not taken this quiz